[Event "Warsaw Najdorf Memorial op-B"]
[Site "Warsaw"]
[Date "2008.08.06"]
[Round "5"]
[White "Derecki, Krzysztof"]
[Black "Szukalski, Antoni"]
[Result "0-1"]
[WhiteElo "1971"]
[BlackElo "1835"]
[PlyCount "73"]
[EventDate "2008.08.02"]
[EventType "swiss"]
[EventRounds "9"]
[EventCountry "POL"]
[SourceTitle "CBM 126 Extra"]
[Source "ChessBase"]
[SourceDate "2008.11.05"]
[SourceVersion "1"]
[SourceVersionDate "2008.11.05"]
[SourceQuality "1"]

1. d4 Nf6 2. c4 e6 3. Nf3 Bb4+ 4. Bd2 Qe7 5. a3 Bxd2+ 6. Qxd2 b6 7. g3 Bb7 8. Bg2 c5 9. 0-0 0-0 10. Nc3 d6 11. Rfd1 Nc6 12. Rab1 Rfd8 13. b4 cxd4 14. Nxd4 Nxd4 15. Qxd4 Bxg2 16. Kxg2 Rac8 17. Rbc1 h6 18. e4 Qb7 19. f3 Rd7 20. Nb5 Rcd8 21. Rc2 Qc6 22. Qd3 a6 23. Nd4 Qb7 24. a4 Rc8 25. b5 d5 26. cxd5 Rxc2+ 27. Qxc2 exd5 28. e5 Ne8 29. Qe2 Rc7 30. Nc6 axb5 31. axb5 Rd7 32. Ra1 Nc7 33. Ra7 Qc8 34. Qd3 g6 35. e6 Nxe6 36. Ne7+ Rxe7 37. Rxe7 0-1

[Event "Warsaw Najdorf Memorial op-B"]
[Site "Warsaw"]
[Date "2008.08.05"]
[Round "4"]
[White "Gluszko, Monika"]
[Black "Derecki, Krzysztof"]
[Result "1/2-1/2"]
[WhiteElo "1848"]
[BlackElo "1971"]
[PlyCount "54"]
[EventDate "2008.08.02"]
[EventType "swiss"]
[EventRounds "9"]
[EventCountry "POL"]
[SourceTitle "CBM 126 Extra"]
[Source "ChessBase"]
[SourceDate "2008.11.05"]
[SourceVersion "1"]
[SourceVersionDate "2008.11.05"]
[SourceQuality "1"]

1. e4 d5 2. exd5 Nf6 3. d4 Nxd5 4. c4 Nb6 5. c5 Nd5 6. Nc3 c6 7. Bc4 e6 8. Nf3 b6 9. cxb6 axb6 10. 0-0 Be7 11. Ne5 0-0 12. Qg4 Nf6 13. Qg3 Ba6 14. Bh6 Ne8 15. Rad1 Bh4 16. Qg4 Bxc4 17. Nxc4 f5 18. Qe2 gxh6 19. Qxe6+ Kg7 20. d5 Qe7 21. Nxb6 Qxe6 22. dxe6 Ra7 23. Rfe1 Re7 24. Nc8 Rc7 25. Nb6 Re7 26. Nc8 Rc7 27. Nb6 Re7 1/2-1/2

[Event "Warsaw Najdorf Memorial op-B"]
[Site "Warsaw"]
[Date "2008.08.03"]
[Round "2"]
[White "Moskwinski, Marek"]
[Black "Derecki, Krzysztof"]
[Result "0-1"]
[WhiteElo "1772"]
[BlackElo "1971"]
[PlyCount "64"]
[EventDate "2008.08.02"]
[EventType "swiss"]
[EventRounds "9"]
[EventCountry "POL"]
[SourceTitle "CBM 126 Extra"]
[Source "ChessBase"]
[SourceDate "2008.11.05"]
[SourceVersion "1"]
[SourceVersionDate "2008.11.05"]
[SourceQuality "1"]

1. e4 e5 2. Nc3 Nf6 3. f4 d5 4. fxe5 Nxe4 5. Nf3 Be7 6. Qe2 Nxc3 7. dxc3 c5 8. Be3 Be6 9. 0-0-0 a6 10. a3 Nc6 11. Nd2 Qc7 12. Bf4 b5 13. g4 b4 14. axb4 cxb4 15. c4 Rc8 16. Bg2 Na5 17. Bg3 Nxc4 18. Nxc4 dxc4 19. Bd5 Qa5 20. Bxe6 fxe6 21. Kd2 Qd5+ 22. Kc1 Bg5+ 23. Kb1 Qa5 24. Rd6 0-0 25. h4 Be7 26. Rd7 Rf7 27. Rf1 Rxf1+ 28. Qxf1 b3 29. Qd1 Qa2+ 30. Kc1 Qa1+ 31. Kd2 Qxb2 32. Rxe7 Rd8+ 0-1